Growth studies of algae in a photobioreactor & possibility of biofilm removal / (Record no. 535564)

000 -LEADER
fixed length control field 00518nam a22001577a 4500
020 ## - INTERNATIONAL STANDARD BOOK NUMBER
Qualifying information Hard Cover.
082 ## - DEWEY DECIMAL CLASSIFICATION NUMBER
Classification number 620.0011
100 ## - MAIN ENTRY--PERSONAL NAME
Personal name Nawar, Azra
245 ## - TITLE STATEMENT
Title Growth studies of algae in a photobioreactor & possibility of biofilm removal /
Statement of responsibility, etc. Azra Nawar.
260 ## - PUBLICATION, DISTRIBUTION, ETC.
Place of publication, distribution, etc. Islamabad:
Name of publisher, distributor, etc. USPCASE NUST,
Date of publication, distribution, etc. 2014.
300 ## - PHYSICAL DESCRIPTION
Extent 101 p. :
Other physical details ill. ;
Dimensions 30cm.
942 ## - ADDED ENTRY ELEMENTS (KOHA)
Source of classification or shelving scheme
Koha item type Thesis
650 ## - SUBJECT ADDED ENTRY--TOPICAL TERM
Topical term or geographic name entry element Energy System Engineering MS-Thesis.
700 ## - ADDED ENTRY--PERSONAL NAME
Personal name Dr. Ehsan Ali
650 ## - SUBJECT ADDED ENTRY--TOPICAL TERM
-- 28868
700 ## - ADDED ENTRY--PERSONAL NAME
-- 28947
Holdings
Withdrawn status Lost status Source of classification or shelving scheme Damaged status Not for loan Permanent Location Current Location Shelving location Date acquired Total Checkouts Full call number Barcode Date last seen Price effective from Koha item type
          Central Library (CL) Central Library (CL) Thesis 09/17/2020   620.0011 CL-T-5828 09/17/2020 09/17/2020 Thesis
© 2023 Central Library, National University of Sciences and Technology. All Rights Reserved.